| 000 | 01176nam a2200277 a 4500 | ||
|---|---|---|---|
| 001 | 000002721 | ||
| 003 | DO-SdBNP | ||
| 005 | 20260321073637.0 | ||
| 008 | 081117s1995 dr 000 0 spa d | ||
| 040 |
_aDO-SdBNP _bspa _cBNPHU |
||
| 082 |
_a320.98 _bB742d, 1995 |
||
| 100 | 1 |
_a Bosch, Juan, _d1909-2001 _976555 |
|
| 245 | 1 | 0 |
_aDe México a Kampuchea / _cJuan Bosch. |
| 250 | _a2a ed. | ||
| 260 |
_aSanto Domingo : _bAlfa & Omega, _c1995. |
||
| 300 |
_a145 p. ; _c21 cm. |
||
| 505 | 0 | _aUn presidente que se respeta -- La carta de los pueblos -- El país que se fue adelante -- Rusell, un tribunal con respaldo popular -- Italia ni aquí ni en ninguna parte -- Claveles y fusiles -- ¿Adónde va España? -- En Venezuela andan juntos petróleo y miseria -- Un respiro y nada más -- El nombre que hace historia. | |
| 590 | _aInventariado, 2018/LP | ||
| 600 | 1 | 0 |
_a Bosch, Juan, _d1909-2001 _976555 |
| 651 | 4 |
_aMéxico _xPolítica y gobierno _9539 |
|
| 651 | 4 |
_aEuropa _xPolítica y gobierno _9540 |
|
| 651 | 4 |
_aCuba _xPolítica y gobierno _9541 |
|
| 651 | 0 |
_aVenezuela _xPolítica y gobierno _926230 |
|
| 910 | _aValidado. Control de calidad MMOLINA | ||
| 942 |
_2ddc _cLBS1 |
||
| 999 |
_c2556 _d2556 |
||